[Event "Reunion op 20th"]
[Site "St Denis"]
[Date "2018.10.16"]
[Round "4"]
[White "Rajaobelina, Hery"]
[Black "Ratsimikatry, Caryl Patrick"]
[Result "0-1"]
[WhiteElo "1646"]
[BlackElo "1782"]
[PlyCount "104"]
[EventDate "2018.10.14"]
[EventType "swiss"]
[EventRounds "9"]
[EventCountry "RUF"]
[SourceTitle "CBM 187 Extra"]
[Source "ChessBase"]
[SourceDate "2018.11.04"]
[SourceVersion "1"]
[SourceVersionDate "2018.11.04"]
[SourceQuality "1"]

1. e4 Nc6 2. Nf3 e5 3. Bb5 a6 4. Ba4 Nf6 5. 0-0 b5 6. Bb3 Be7 7. Re1 0-0 8. h3 d6 9. c3 Na5 10. Bc2 c5 11. d4 Qc7 12. d5 h6 13. b3 Bd7 14. Nbd2 c4 15. b4 Nb7 16. Bb2 a5 17. a3 Ra7 18. Nf1 Rfa8 19. Qd2 Nh5 20. Kh2 Nf4 21. Ng1 Bg5 22. Ne3 Qc8 23. h4 Be7 24. g3 Nh5 25. Ng2 f5 26. Qe2 Nf6 27. Rad1 axb4 28. cxb4 c3 29. Bc1 fxe4 30. Bxe4 Nxe4 31. Qxe4 Bf5 32. Qe2 Qe8 33. Ne3 Bg6 34. Nc2 Nd8 35. Nh3 Nf7 36. f4 exf4 37. Nxf4 Bf5 38. Nd4 Bd7 39. Nfe6 Ne5 40. Nf3 Bf6 41. Nxe5 Bxe5 42. Qg4 Bxe6 43. dxe6 Re7 44. Bxh6 Rxa3 45. Bc1 Ra2+ 46. Kh3 Rxe6 47. Rd5 Rg6 48. Rdxe5 dxe5 49. Qe4 Qe6+ 50. g4 Rxg4 51. Qxe5 Qxe5 52. Rxe5 Rxb4 0-1

[Event "Analamanga-ch"]
[Site "Antananarivo"]
[Date "2015.08.15"]
[Round "1"]
[White "Andriamasoandro, Miora Ismael"]
[Black "Ratsimikatry, Caryl Patrick"]
[Result "1-0"]
[WhiteElo "2117"]
[BlackElo "1858"]
[PlyCount "61"]
[EventDate "2015.08.15"]
[EventType "swiss"]
[EventRounds "6"]
[EventCountry "MAD"]
[SourceTitle "EXT 2018"]
[Source "ChessBase"]
[SourceDate "2017.10.13"]
[SourceVersion "1"]
[SourceVersionDate "2017.10.13"]
[SourceQuality "1"]

1. e4 c6 2. d4 d5 3. exd5 cxd5 4. c4 Nf6 5. Nc3 e6 6. Nf3 Bb4 7. c5 0-0 8. Bd3 b6 9. cxb6 Qxb6 10. 0-0 Bxc3 11. bxc3 Ba6 12. Re1 Bxd3 13. Qxd3 Rc8 14. Rb1 Qa5 15. Bd2 Qxa2 16. Rb7 Qa6 17. Qxa6 Nxa6 18. Ra1 Rc7 19. Rb5 Nb8 20. Bf4 Rc8 21. Rb7 a5 22. Ne5 a4 23. Nxf7 Nbd7 24. Ng5 Re8 25. Rb4 h6 26. Nf3 g5 27. Bg3 Ne4 28. Rbxa4 Rxa4 29. Rxa4 Nxc3 30. Ra7 Rb8 31. Bxb8 1-0

[Event "Reunion op 15th"]
[Site "St Denis"]
[Date "2013.10.18"]
[Round "8"]
[White "Ratsimikatry, Caryl Patrick"]
[Black "Kibria, Golam"]
[Result "1-0"]
[WhiteElo "1892"]
[BlackElo "1803"]
[PlyCount "63"]
[EventDate "2013.10.12"]
[EventType "swiss"]
[EventRounds "9"]
[EventCountry "RUF"]
[SourceTitle "EXT 2014"]
[Source "ChessBase"]
[SourceDate "2013.11.20"]
[SourceVersion "1"]
[SourceVersionDate "2013.11.20"]
[SourceQuality "1"]

1. e4 d5 2. exd5 Nf6 3. Nf3 Nxd5 4. d4 Bf5 5. c4 Nb6 6. Nc3 c6 7. Bf4 e6 8. Be2 Be7 9. 0-0 0-0 10. Qb3 Qc8 11. a4 Bd8 12. a5 N6d7 13. Rfe1 Bc7 14. Bg5 Bd8 15. Bf4 Bc7 16. Bxc7 Qxc7 17. Nh4 Bg6 18. Nxg6 hxg6 19. Ne4 Nf6 20. Nc5 Nbd7 21. Qxb7 Qxb7 22. Nxb7 a6 23. Nd6 Ra7 24. b4 Ne8 25. Nc8 Rc7 26. Nb6 Nd6 27. f4 Rb8 28. c5 Nb5 29. Bxb5 cxb5 30. d5 exd5 31. Re7 Nxb6 32. Rxc7 1-0

[Event "Reunion op 15th"]
[Site "St Denis"]
[Date "2013.10.17"]
[Round "7"]
[White "Li Ying, Patrick"]
[Black "Ratsimikatry, Caryl Patrick"]
[Result "1-0"]
[WhiteElo "2136"]
[BlackElo "1892"]
[PlyCount "67"]
[EventDate "2013.10.12"]
[EventType "swiss"]
[EventRounds "9"]
[EventCountry "RUF"]
[SourceTitle "EXT 2014"]
[Source "ChessBase"]
[SourceDate "2013.11.20"]
[SourceVersion "1"]
[SourceVersionDate "2013.11.20"]
[SourceQuality "1"]

1. d4 Nf6 2. Bf4 c5 3. e3 Qb6 4. Nc3 Qxb2 5. Nb5 Nd5 6. Rb1 Qxa2 7. c4 Qa5+ 8. Qd2 Qxd2+ 9. Kxd2 Nxf4 10. Nc7+ Kd8 11. Nxa8 Ng6 12. Ra1 Na6 13. Be2 cxd4 14. exd4 e5 15. Nf3 Bb4+ 16. Kc2 exd4 17. Nxd4 d6 18. Rxa6 bxa6 19. Nc6+ Kd7 20. Nxb4 Bb7 21. Bg4+ Kd8 22. Rd1 Bxa8 23. Rxd6+ Kc7 24. Rxa6 Be4+ 25. Kc3 Kb8 26. f3 Bb7 27. Ra5 Re8 28. Bd7 Re2 29. c5 Re7 30. c6 Ne5 31. Rb5 Rxd7 32. Rxe5 Rc7 33. Rb5 Kc8 34. Rxb7 1-0

[Event "Reunion op 14th"]
[Site "St Denis"]
[Date "2012.10.07"]
[Round "3"]
[White "Ratsimikatry, Caryl Patrick"]
[Black "Hamon, Christian"]
[Result "0-1"]
[WhiteElo "1924"]
[BlackElo "2053"]
[PlyCount "61"]
[EventDate "2012.10.06"]
[EventType "swiss"]
[EventRounds "9"]
[EventCountry "RUF"]
[SourceTitle "EXT 2013"]
[Source "ChessBase"]
[SourceDate "2012.11.22"]
[SourceVersion "1"]
[SourceVersionDate "2012.11.22"]
[SourceQuality "1"]

1. e4 c5 2. Nc3 Nc6 3. f4 g6 4. Nf3 Bg7 5. Bb5 Nd4 6. Nxd4 cxd4 7. Ne2 Qb6 8. Bc4 Nf6 9. d3 0-0 10. 0-0 d5 11. exd5 Qc5 12. Ng3 Nxd5 13. Kh1 Nf6 14. h3 e6 15. a4 b6 16. b4 Qc7 17. Qe2 Bb7 18. Bb2 Nd5 19. Qf2 Ne3 20. Rg1 Nxc4 21. dxc4 Qxc4 22. b5 Rac8 23. Rgc1 Rfd8 24. Ne2 Qd5 25. c3 d3 26. Nd4 Bxd4 27. cxd4 Qb3 28. Rd1 Rc2 29. Rd2 Qxb2 30. Rad1 Rxd2 31. Rxd2 0-1

[Event "Reunion op 12th"]
[Site "St Denis"]
[Date "2010.10.15"]
[Round "8"]
[White "Ratsimikatry, Caryl Patrick"]
[Black "Benke, Martin"]
[Result "1-0"]
[WhiteElo "1933"]
[BlackElo "1923"]
[PlyCount "73"]
[EventDate "2010.10.09"]
[EventType "swiss"]
[EventRounds "9"]
[EventCountry "RUF"]
[SourceTitle "CBM 138 Extra"]
[Source "ChessBase"]
[SourceDate "2010.10.29"]
[SourceVersion "1"]
[SourceVersionDate "2010.10.29"]
[SourceQuality "1"]

1. e4 e6 2. d4 d5 3. Nd2 Nf6 4. e5 Nfd7 5. Bd3 c5 6. c3 Nc6 7. Ne2 Be7 8. Nf3 0-0 9. Nf4 cxd4 10. cxd4 Re8 11. a3 Nf8 12. 0-0 Bd7 13. Be3 Na5 14. Nd2 Rc8 15. Qg4 Qb6 16. Nh5 Ng6 17. Nf3 Bb5 18. Bxb5 Qxb5 19. Ng5 Nb3 20. Rad1 Rc2 21. Qh3 Rec8 22. Nxg7 Bxg5 23. Bxg5 Qe2 24. Qh6 Kf8 25. Nf5+ Ke8 26. Nd6+ Kd7 27. Nxc8 Rxc8 28. Qxh7 Re8 29. Qxf7+ Ne7 30. Bxe7 Rxe7 31. Qf3 Qb5 32. Rd3 Na5 33. Rc1 Qxb2 34. Rdc3 Nc6 35. Qe3 Qb6 36. Rb3 Qa6 37. Qd3 1-0

[Event "Reunion op 12th"]
[Site "St Denis"]
[Date "2010.10.10"]
[Round "3"]
[White "Han Yee Yu, Jerome"]
[Black "Ratsimikatry, Caryl Patrick"]
[Result "0-1"]
[WhiteElo "1558"]
[BlackElo "1933"]
[PlyCount "64"]
[EventDate "2010.10.09"]
[EventType "swiss"]
[EventRounds "9"]
[EventCountry "RUF"]
[SourceTitle "CBM 138 Extra"]
[Source "ChessBase"]
[SourceDate "2010.10.29"]
[SourceVersion "1"]
[SourceVersionDate "2010.10.29"]
[SourceQuality "1"]

1. e4 c6 2. d3 d5 3. Nd2 e5 4. Ngf3 Bd6 5. c3 Nf6 6. g3 0-0 7. Bg2 Bg4 8. h3 Bh5 9. g4 Bg6 10. Qc2 Nbd7 11. h4 h5 12. gxh5 Nxh5 13. Nb3 Nf4 14. Bxf4 exf4 15. 0-0-0 dxe4 16. dxe4 Qe7 17. Qd2 Qxe4 18. Qd3 Qxd3 19. Rxd3 Bxd3 20. Rd1 Nc5 21. Nxc5 Bxc5 22. Rxd3 Bxf2 23. Kc2 Rad8 24. Bf1 Rxd3 25. Bxd3 g6 26. Bc4 Kg7 27. b3 Rh8 28. Ne5 f6 29. Nf7 Rxh4 30. Nd8 Be3 31. Nxb7 Rh2+ 32. Kb1 f3 0-1